The art of crayon : draw, color, resist, sculpt, carve! (Record no. 9467)

000 -LEADER
fixed length control field 00387nam a2200145 4500
003 - CONTROL NUMBER IDENTIFIER
control field OSt
005 - DATE AND TIME OF LATEST TRANSACTION
control field 20210623171604.0
008 - FIXED-LENGTH DATA ELEMENTS--GENERAL INFORMATION
fixed length control field 210623b ||||| |||| 00| 0 eng d
020 ## - INTERNATIONAL STANDARD BOOK NUMBER
International Standard Book Number 9781631591013
082 ## - DEWEY DECIMAL CLASSIFICATION NUMBER
Classification number 741.23
100 ## - MAIN ENTRY--PERSONAL NAME
Personal name Bell, Lorraine (Artist)
245 ## - TITLE STATEMENT
Title The art of crayon : draw, color, resist, sculpt, carve!
260 ## - PUBLICATION, DISTRIBUTION, ETC. (IMPRINT)
Place of publication, distribution, etc USA
Name of publisher, distributor, etc Quarto publishing group
Date of publication, distribution, etc 2016
942 ## - ADDED ENTRY ELEMENTS (KOHA)
Source of classification or shelving scheme
Holdings
Withdrawn status Lost status Source of classification or shelving scheme Damaged status Koha normalized classification for sorting Not for loan Permanent location Current location Date acquired Full call number Barcode Date last seen Price effective from Koha item type
        741_230000000000000   BMS College of Architecture, Design and Planning BMS College of Architecture, Design and Planning 2021-06-23 741.23 AR-UG2237 2021-06-23 2021-06-23 UG Books
Copyright © 2025, The Librarian, Library and Information Centre, BMSCA D&P, Bengaluru. All Rights Reserved
web counter

Powered by Koha